00382nam a22001337a 450000500170000000800410001702000230005803500120008104000130009310000240010624500570013026000380018730000230022520120213174719.0120213t xxu||||| |||| 00| 0 eng d a007044725Xc000.00 aB-63273 aDPLbENG aWilliamson, Heather aXML: The complete reference /cby Heather Williamson aNew DelhibTata Ncgrow Hillc2001 axxvi, 966p.c22cms